Podmienka spoľahlivosti ako spojka stavebnej mechaniky a teórie konštrukcií

Bibliographic Details
Main Authors: Mrázik, Augustín, 1958- (Author), Sadovský, Zoltán, 1942- (Author), Križma, Martin (Author)
Format: Article
Language:Slovak
PhysicalDescription:Res. angl., nem. na s. 339, lit. 14 zázn. v angl., češ., nem., ruš., slov.
ISSN:1335-0846
Subjects:

MARC

LEADER 00000nab a2200000 a 4500
001 vtls000605452
003 SK-MaSNL
005 20260304224850.0
008 250425c1996 xo 0 slo
015 |a SNBRB19rr/mm-uuuuu 
035 |a CL0605591 
035 |a urn:nbn:sk:snk-abf2w7 
035 |a (urnnbn)urn:nbn:sk:snk:ar-007guw 
035 |a (uuid)dc21dcce-e0f2-4d43-a749-11beeb28ab44 
040 |a SNKBUCL  |b slo  |c SNKBUCL  |e AACR2 
041 0 |a slo 
044 |a xo  |c SK 
080 |a 624.046:519.2  |2 1981 
080 |a 519.2  |2 1981 
100 1 |a Mrázik, Augustín,  |d 1958-  |4 aut  |9 114616 
245 1 0 |a Podmienka spoľahlivosti ako spojka stavebnej mechaniky a teórie konštrukcií  |c Augustín Mrázik, Zoltán Sadovský, Martin Križma 
300 |b Res. angl., nem. na s. 339, lit. 14 zázn. v angl., češ., nem., ruš., slov. 
650 0 7 |a stavebné konštrukcie  |2 snkbucl  |9 3695 
650 0 7 |a stavebná mechanika  |2 snkbucl  |9 4181 
650 0 7 |a spoľahlivosť konštrukcií  |2 snkbucl  |9 934778 
655 7 |a články z novín a časopisov  |2 snkbucl  |9 267496 
700 1 |a Sadovský, Zoltán,  |d 1942-  |4 aut  |9 39864 
700 1 |a Križma, Martin  |4 aut  |9 7528 
773 0 |t Inžinierske stavby  |g Roč. 44, č. 8 (1996), s. 396-399  |x 1335-0846 
850 |a Slovenská národná knižnica 
852 |a Slovenská národná knižnica 
954 |a odborná, vedecká literatúra pôvodná (slovenská)  |2 lita 
958 |a article2022 
958 |a NB 
958 |a RK 
958 |a OND 
958 |a EUIPO 
992 |a RBX 
999 |c 3174568  |d 3176498